000 00398nam a22001697a 4500
005 20160527092718.0
008 160527b xxu||||| |||| 00| 0 eng d
020 _a81-259-1536-2
041 _aeng
082 _b5363
100 _aBhatiya, H.L.
_91342
245 _aPubilc Finance
260 _aNew Delhi
_bAcademic Faundation
_c2004
300 _a689
650 _aManagement
_9241
942 _cBK
999 _c1897
_d1896